000 00572nam a22001937a 4500
005 20251108164150.0
008 250721s1977 xx 000 0 ara d
082 1 4 _a218,7/مني
100 1 _aالمنير، محمد عبد السلام
245 1 0 _aتسلية المصاب عند فقد الأحباب /
264 1 _aالقاهرة :
_bمكتبة التراث الإسلامي،
_c1977.
300 _a184ص
650 1 7 _aالإسلام
650 1 7 _aالشعائر
650 1 7 _aالجنائز
650 1 7 _aالتعازي
942 _2ddc
_cBK
999 _c5290
_d5290